Les sommets du massif du Mont Blanc - Statistiques

Statistiques générales
  • Ce quiz a été pris 143 fois
  • Le résultat moyen est 14 sur 48
Statistiques - réponses
Altitude (m) Sommet Pays % Correct
4 809 Mont Blanc France
100%
3 842 Aiguille du Midi France
77%
4 122 Aiguille Verte France
68%
4 465 Mont Maudit France
64%
4 248 Mont Blanc du Tacul France
61%
4 304 Dôme du Goûter France
56%
4 208 Grandes Jorasses Italie
54%
4 013 Dent du Géant Italie
50%
4 748 Mont Blanc de Courmayeur Italie
46%
3 900 Aiguille d'Argentière France
43%
4 052 Aiguille de Bionnassay France
42%
3 754 Les Drus France
40%
3 544 Aiguille du Tour France
35%
4 000 Les Droites France
34%
3 823 Mont Dolent Suisse
33%
3 863 Aiguille du Goûter France
31%
3 856 Les Courtes France
30%
3 673 Aiguille du Plan France
27%
3 688 Dômes de Miage France
27%
4 470 Pointe Louis-Amédée Italie
27%
4 114 Aiguilles du Diable France
26%
3 920 Aiguille de Tré-la-Tête Italie
24%
4 015 Dôme de Rochefort France
23%
4 108 Aiguille Blanche de Peuterey Italie
22%
3 816 Aiguille des Glaciers France
22%
4 035 Aiguille du Jardin France
22%
4 001 Aiguille de Rochefort France
21%
3 824 Aiguille du Chardonnet France
19%
3 773 Aiguille Noire de Peuterey Italie
19%
3 522 Aiguille de Blaitière France
18%
4 102 Grande Rocheuse France
17%
4 243 Grand Pilier d'Angle Italie
17%
3 838 Grand Capucin France
16%
4 068 Mont Brouillard Italie
15%
3 989 Mont Mallet France
15%
3 837 Tour Noir France
11%
3 759 Aiguille de Leschaux France
10%
3 517 Aiguilles Dorées Suisse
10%
3 640 Dent du Crocodile France
10%
3 512 Petite Aiguille Verte France
10%
3 730 Aiguille de Talèfre France
9%
3 870 Aiguille de Triolet Italie
9%
3 501 Aiguille du Fou France
9%
3 554 Dent du Caïman France
9%
3 541 Gros Rognon France
9%
3 753 Aiguille de l'A Neuve France
8%
4 006 Pointe Baretti Italie
8%
3 607 Pain de Sucre d'Envers du Plan France
2%
Aucun quiz correspondant
Distribution des résultats
% des personnes avec chaque résultat
Percentile par nombre de réponses
Votre historique - résultats
Vous n’avez pas pris ce quiz